| 000 | 01753nam a22004577a 4500 | ||
|---|---|---|---|
| 001 | 000096775 | ||
| 003 | CHAP | ||
| 005 | 20220329143212.0 | ||
| 008 | 070129d2006 mx r 00110 spa d | ||
| 010 | _a93241 | ||
| 011 | _a94213 | ||
| 035 | _a104798 | ||
| 040 | _cCHAP | ||
| 090 | _aTesis | ||
| 100 | 1 |
_aChi Chan, María Teresita de Jesús. _922210 |
|
| 245 | 1 | 0 |
_aPlan de negocios de un invernadero de alta tecnología para pimiento morrón en Ajuchitlán, Querétaro / _c/por María Teresita de Jesús Chi Chan. |
| 260 |
_aChapingo, Méx. : _bEl autor, _c2006. |
||
| 300 |
_a113 h. : _bilus.; gráfs.; cuadros. |
||
| 502 | _aTesis ( Lic. en Administración de Empresas Agropecuarias) - - UACH. División de Ciencias Economico - Administrativas | ||
| 590 |
_aALEPH _b10 _c20130110 _lUCH01 _h1516 |
||
| 590 |
_aBATCH-UPD _b10 _c20130110 _lUCH01 _h1657 |
||
| 590 |
_aBATCH-UPD _b10 _c20130410 _lUCH01 _h1046 |
||
| 590 |
_aBATCH-UPD _b10 _c20130914 _lUCH01 _h0921 |
||
| 590 |
_aBATCH-UPD _b10 _c20140324 _lUCH01 _h1501 |
||
| 590 |
_aBATCH-UPD _b10 _c20141002 _lUCH01 _h0833 |
||
| 590 |
_aBATCH _b00 _c20181121 _lUCH01 _h0759 |
||
| 590 |
_aCONVERSION _b10 _c20130109 _lUCH01 _h1352 |
||
| 590 |
_aE11695DGD _b10 _c20130528 _lUCH01 _h1405 |
||
| 650 | 1 | 4 |
_aChile pimiento _xIndustria. _922481 |
| 650 | 1 | 4 |
_aChile pimiento _xMercadeo. _922483 |
| 650 | 1 | 4 |
_aChile pimiento _xRendimiento. _922487 |
| 650 | 1 | 4 |
_aCultivos en invernadero. _930376 |
| 856 |
_3Finding aid _uhttp://10.13.5.2/tesis/104798.pdf _zTeclea aquí |
||
| 856 |
_a1 _n0001601 |
||
| 901 | _aBK | ||
| 905 | _aElisama A. H. | ||
| 942 | _cCD | ||
| 942 | _n0 | ||
| 949 |
_aTesis _bBC _cTES _d33724002006652 _eTS2 _fc.2 _h46279 _i104798 _si |
||
| 949 |
_aTesis _bBC _cTES _d33724002006694 _eTS1 _h46278 _i104798 _sb |
||
| 999 |
_c93241 _d93241 |
||